000 01117nam a22002897a 4500
001 5661
003 FISKH
005 20250109145044.0
008 250109b cb ||||| |||| 00| 0 eng d
020 _a9780547014333
040 _aFISKH
_beng
_cFISKH
_dFISKH
050 _aSF997.G65
082 _a333.95
100 _aTurner, Pamela S.
245 _aGorilla doctors :
_bSaving endangered great apes /
_cby Pamela S. Turner
260 _aBoston :
_bHoughton Mifflin Company ;
_c2005.
300 _a64 pages :
_bcolor illustrations ;
_c24 cm .
490 _a Scientists in the field
505 _aZ
520 _aMountain gorillas are one of the most endangered species in the world. Now they are facing a new threat, from the very tourism that is helping to protect them: exposure to human disease. This is the story of the Mountain Gorilla Veterinary Project and its work to provide medical care to the gorillas.
521 8 _a910
_bLexile
521 8 _aZ
_bRaz-Plus
650 _agorillas
_vnon-fiction
700 _aDiercks, Lisa
_eBook designer
942 _2ddc
_cBK
_n0
999 _c5661
_d5661